Présidents français - Statistiques

Statistiques générales
  • Ce quiz a été pris 79 fois
  • Le résultat moyen est 15 sur 25
Statistiques - réponses
Mandats Présidents % Correct
1958-1969 Charles de Gaulle
98%
2017-2027 Emmanuel Macron
98%
2012-2017 François Hollande
98%
2007-2012 Nicolas Sarkozy
98%
1981-1995 François Mitterand
95%
1995-2007 Jacques Chirac
95%
1974-1981 Valéry Giscard d'Estaing
95%
1969-1974 Georges Pompidou
88%
1848-1851 Louis-Napoléon Bonaparte
80%
1954-1958 René Coty
65%
1871-1873 Adolphe Thiers
55%
1895-1899 Felix Faure
53%
1887-1894 Marie-François Sadi Carnot
48%
1947-1954 Vincent Auriol
48%
1913-1920 Raymond Poincaré
42%
1873-1879 Patrice de MacMahon
40%
1920-1924 Alexandre Millerand
38%
1920- Paul Deschanel
38%
1931-1932 Paul Doumer
38%
1879-1887 Jules Grévy
37%
1932-1940 Albert Lebrun
33%
1899-1906 Emile Loubet
33%
1924-1931 Gaston Doumergue
33%
1894-1895 Jean Casimir Perrier
30%
1906-1913 Armand Fallières
27%
Aucun quiz correspondant
Distribution des résultats
% des personnes avec chaque résultat
Percentile par nombre de réponses
Votre historique - résultats
Vous n’avez pas pris ce quiz